| 000 | 01215nam a2200349Ia 4500 | ||
|---|---|---|---|
| 003 | GCL | ||
| 008 | 140319s9999 xx 000 0 ara d | ||
| 020 | _a9277314977 | ||
| 040 |
_aGCL / _cGCL |
||
| 082 | 0 | 4 |
_a155.4 _bس ع |
| 100 | 1 | _aسهير محمد سلامة شاش | |
| 245 | 1 | 0 |
_aعلم نفس اللغة / _cسهير محمد سلامة شاش |
| 250 | _aالاولى | ||
| 260 |
_aالقاهرة : _bمكتبة زهراء الشرق ، _c2006 |
||
| 300 |
_a217ص ؛ _c24سم |
||
| 650 | 0 | 4 | _aرياض الاطفال |
| 650 | 0 | 4 | _aتعليم الاطفال |
| 650 | 0 | 4 | _aالاطفال - علم نفس |
| 650 | 0 | 4 | _aالاطفال - لغة |
| 650 | 0 | 4 | _aالاطفال - تربية |
| 650 | 0 | 4 | _aاطفال ما قبل المدرسة |
| 650 | 0 | 4 | _aثقافة الاطفال |
| 650 | 0 | 4 | _aاللغة - طرق تدريس |
| 650 | 0 | 4 | _aالتلعثم |
| 650 | 0 | 4 | _aاللغة - تعليم وتدريس |
| 650 | 0 | 4 | _aالاطفال - رعاية اجتماعية |
| 650 | 0 | 4 | _aعلم نفس اللغة |
| 650 | 0 | 4 | _aالنطق - عيوب - الاطفال |
| 650 | 0 | 4 | _aالاطفال - اكتساب مهارات |
| 650 | 0 | 4 | _aالكلام - تعليم وتدريس |
| 942 |
_2ddc _cBK |
||
| 999 |
_c9669 _d9669 |
||